[Event "IV Jugando con las Estrellas 2019"]
[Site "Santa Cruz de la Palma"]
[Date "2019.08.15"]
[Round "8.3"]
[White "Pile, Richard"]
[Black "Lemos, Damian"]
[Result "*"]
[WhiteElo "2416"]
[BlackElo "2487"]
[Annotator "TA"]
[PlyCount "31"]
[EventDate "2019.08.09"]
[EventType "swiss"]
[EventCountry "ESP"]
[SourceTitle "playchess.com"]
[Source "ChessBase"]
[SourceQuality "1"]

{[%evp 16,31,0,0,0,1,18,8,7,16,24,0,52,41,52,32,28,46]} 1. e4 e5 2. Nf3 Nc6 3. Bb5 a6 4. Ba4 Nf6 5. Qe2 Be7 6. O-O b5 7. Bb3 O-O 8. c3 d5 9. d3 Be6 {C86: Closed Ruy Lopez: Worrall Attack} (9... Re8 10. Rd1 Be6 11. Nbd2 h6 12. Nf1 Bf8 13. Ng3 d4 14. Bxe6 Rxe6 15. Nf5 Ne8 16. a4 Rb8 17. axb5 axb5 {0-1 (66) Bacrot,E (2725)-Aronian,L (2805) Riadh 2017}) 10. Nbd2 Nh5 $146 ({Predecessor:} 10... dxe4 11. dxe4 Qc8 12. Re1 Rd8 13. Nf1 h6 14. h3 Bxb3 15. axb3 Qe6 16. Qc2 {0-1 (34) Pridorozhni,A (2569)-Smirnov,P (2600) Vladivostok 2015}) 11. g3 dxe4 {The position is equal.} 12. dxe4 Qd6 13. a4 Rab8 ({Black should play} 13... Bh3 $11) 14. axb5 $14 axb5 15. Bxe6 Qxe6 16. Ra6 *

[Event "IV Jugando con las Estrellas 2019"]
[Site "Santa Cruz de la Palma"]
[Date "2019.08.15"]
[Round "8.4"]
[White "Pakleza, Zbigniew"]
[Black "Ramiro Ovejero, Juan Luis"]
[Result "1/2-1/2"]
[WhiteElo "2499"]
[BlackElo "2347"]
[Annotator "TA"]
[PlyCount "76"]
[EventDate "2019.08.09"]
[EventType "swiss"]
[EventCountry "ESP"]
[SourceTitle "playchess.com"]
[Source "ChessBase"]
[SourceQuality "1"]

{[%evp 11,76,29,47,31,30,31,34,36,31,33,41,48,52,39,44,36,44,44,88,87,102,91,97,85,90,89,122,102,103,106,107,88,86,93,111,116,119,117,270,263,267,267,258,243,250,264,246,153,166,156,148,145,163,159,170,173,207,0,0,0,0,0,0,0,0,0,0]} 1. d4 d5 2. Nf3 Nf6 3. c4 dxc4 4. e3 Bg4 5. Bxc4 e6 6. Nc3 Nc6 7. Bb5 {D07: Queen's Gambit: Chigorin Defence} (7. Be2 Bd6 8. O-O O-O 9. h3 Bh5 10. b3 Nd5 11. Bb2 f5 12. Nd2 Nxc3 13. Bxc3 Bxe2 14. Qxe2 Ne7 15. Nc4 Nd5 16. Bd2 Qh4 17. Qf3 Rf6 {½-½ (40) Lenderman,A (2637)-Edouard,R (2643) chess.com INT 2019}) 7... Bd6 8. e4 Nd7 9. Be3 {White is slightly better.} O-O 10. h3 Bxf3 $146 ({Predecessor:} 10... Bh5 11. g4 Bg6 12. a3 e5 13. d5 Ne7 14. h4 h5 15. gxh5 Bxh5 {1-0 (42) Hilverda,A (2365)-Schuh,D (2372) Werther 2016}) 11. Qxf3 e5 12. Bxc6 bxc6 13. O-O $36 {[%mdl 2048] White is pushing.} Re8 14. Rfd1 Qh4 {[#]} 15. d5 $1 c5 16. Rac1 Rab8 17. Rc2 g6 18. Rdc1 Rf8 19. Qg4 Qe7 20. Bh6 Rfe8 21. a3 Rb3 22. Na4 Kh8 23. Bg5 f6 24. Be3 {[%cal Re3c5]} Qf7 $2 (24... Rb5 $16 {keeps fighting.} 25. h4 Ra5) 25. Nxc5 $18 f5 26. exf5 gxf5 {[#]} 27. Qa4 $1 {[%cal Ra4b3]} Nxc5 28. Bxc5 Rbb8 29. Bxd6 ({Worse is} 29. Bxa7 Ra8 $11) 29... cxd6 30. Rc7 Qg6 31. b4 (31. Qxa7 $6 Rg8 $14) 31... Rg8 {[%csl Gg8][%cal Rg6g2]} 32. g3 f4 {...Qh6 is the strong threat.} 33. g4 ({Avoid the trap} 33. Qxa7 $2 Ra8 $19) 33... f3 34. Qc2 $2 ({White should play} 34. Kh2 $18) 34... Qh6 $11 {The position is equal.} 35. Kh2 {And now Qe4 would win.} ({But not} 35. Qf5 $2 Rbf8 $19) 35... Qf4+ $1 36. Kh1 {[%csl Gc2][%cal Rc7h7]} Qh6 37. Kh2 {Threatens to win with Rg1.} Qf4+ $1 38. Kh1 {[%csl Gc2][%cal Rc7h7]} Qh6 {Accuracy: White = 75%, Black = 63%.} 1/2-1/2

[Event "IV Jugando con las Estrellas 2019"]
[Site "Santa Cruz de la Palma"]
[Date "2019.08.15"]
[Round "8.5"]
[White "Ramirez Medina, Victor"]
[Black "Barbot, Pierre"]
[Result "1/2-1/2"]
[WhiteElo "2270"]
[BlackElo "2441"]
[Annotator "TA"]
[PlyCount "99"]
[EventDate "2019.08.09"]
[EventType "swiss"]
[EventCountry "ESP"]
[SourceTitle "playchess.com"]
[Source "ChessBase"]
[SourceQuality "1"]

{[%evp 17,99,0,25,0,1,6,9,1,5,-2,8,0,0,-18,-7,-25,0,0,0,0,0,0,0,-7,0,-63,-62,-43,-50,-56,-20,-90,0,0,0,0,0,0,0,0,0,0,168,-189,-207,-205,0,0,0,0,820,760,755,734,734,0,0,-29,-8,-83,0,0,0,0,0,0,0,0,0,0,0,0,0,0,0,0,0,0,0,0,0,-29994,-29988,-29994]} 1. Nf3 Nf6 2. c4 e6 3. g3 d5 4. d4 Bb4+ 5. Bd2 Be7 6. Bg2 c6 7. Qc2 O-O 8. O-O Nbd7 9. Rd1 Ne4 10. b3 {E11: Bogo-Indian} (10. Bf4 g5 11. Bc1 f5 12. Nc3 Bf6 13. e3 Rf7 14. b3 b6 15. Bb2 Bb7 16. Rac1 Qe8 17. Ne2 Rc8 {½-½ (53) Caruana,F (2802)-Nakamura,H (2786) chess.com INT 2017}) 10... Nxd2 11. Nbxd2 b6 $146 ({Predecessor:} 11... f5 12. Ne1 Nf6 13. Ndf3 Bd6 14. Nd3 Qe7 15. a3 Bd7 16. b4 Be8 17. Rab1 f4 {0-1 (65) Sorensen,H (2267)-Gorodetzky,D (2451) Riga 2018}) 12. e4 {The position is equal.} Bb7 13. Qb2 a5 14. a3 {[%cal Ba2a3,Ba3b4,Bb4b5][%mdl 32]} Qb8 15. Rab1 Rd8 16. Re1 Bf8 17. b4 axb4 18. axb4 dxc4 19. Nxc4 Ra4 20. Qc3 $1 Qa7 21. e5 ({White should play} 21. Red1 $11) 21... c5 $1 $15 22. dxc5 bxc5 23. b5 $1 Rb4 24. Red1 (24. Ra1 $11 {remains equal.} Qb8 25. Na5 Rxb5 26. Nxb7 Rxb7 27. Nd2) 24... Nb6 (24... Qa4 $17 {Threatens to win with ...Nxe5.} 25. Nfd2 Bd5) 25. Nd6 $11 Nd5 26. Qc2 Bxd6 27. exd6 h6 28. Ne5 {Black must now prevent Bxd5.} Rxb1 ({Of course not} 28... Rxd6 $6 29. Ra1 $16) 29. Rxb1 {And now Nc6 would win.} Nb4 $2 {[#]} (29... Rxd6 $11 30. Nd3 Nb6) 30. Rxb4 $4 {[%mdl 8192]} (30. b6 $1 $18 {[%cal Rb6a7] is the narrow road to win.} Qa5 31. Nc4) 30... cxb4 $19 31. Qc7 Rf8 $2 ({Black should try} 31... Qa1+ $19 32. Bf1 Qxe5 33. Qxd8+ Kh7) 32. d7 $11 Qa1+ 33. Bf1 Bd5 $2 {[%mdl 8192]} (33... Qd4 $11) 34. d8=Q Rxd8 35. Qxd8+ Kh7 36. Nd3 $2 (36. Nxf7 $18 b3 37. Qh8+ Kg6 38. Qg8 (38. Qe8 b2 $11)) 36... b3 37. Qc7 {Qe5 is the strong threat.} f5 {White should prevent ...Be4.} 38. f3 (38. b6 $1 $11 {keeps the balance.} b2 39. Nxb2 Qxb2 40. h3) 38... b2 (38... Qd4+ $17 39. Kg2 b2) 39. Nxb2 $1 Qxb2 40. Qf4 Qc3 41. Kf2 $1 g5 42. Qe3 Qb2+ 43. Qe2 Qd4+ 44. Qe3 $1 {[%cal Re3d4]} Qb2+ 45. Qe2 Qb4 46. Qd3 Kg7 47. Be2 Kf6 48. Qe3 f4 49. Kg1 $2 {[%mdl 8192] [#]} (49. gxf4 $11 Qxf4 50. Qc3+ Kf7 51. Kg2) 49... Qb1+ 50. Bf1 {[%mdl 32768] Accuracy: White = 39%, Black = 62%. . An unexpected result.} 1/2-1/2

[Event "IV Jugando con las Estrellas 2019"]
[Site "Santa Cruz de la Palma"]
[Date "2019.08.15"]
[Round "8.6"]
[White "Garcia Padron, Jose"]
[Black "Ambartsumova, Karina"]
[Result "0-1"]
[WhiteElo "2415"]
[BlackElo "2359"]
[Annotator "TA"]
[PlyCount "94"]
[EventDate "2019.08.09"]
[EventType "swiss"]
[EventCountry "ESP"]
[SourceTitle "playchess.com"]
[Source "ChessBase"]
[SourceQuality "1"]

{[%evp 16,94,31,16,37,30,47,0,0,0,8,0,0,-20,-19,-32,0,-62,-37,-39,-31,-52,-40,-75,-68,-107,-78,-63,-70,-127,-100,-104,-87,-99,-39,-62,-47,-106,-40,-49,-21,-12,-5,-26,0,0,0,0,0,0,0,0,0,0,0,0,236,0,88,77,99,0,0,0,0,-177,-125,-131,0,-247,-12,-111,535,515,402,-1652,-1378,-29999,29994,0,29994]} 1. d4 Nf6 2. Nf3 g6 3. c4 Bg7 4. Nc3 O-O 5. Bg5 h6 6. Bh4 d6 7. e3 g5 8. Bg3 Nh5 9. Be2 e6 {E61: King's Indian: Early deviations for White, including Smyslov System} 10. Qc2 Qe7 11. Nd2 Nxg3 12. hxg3 c5 (12... a6 13. f4 f5 14. O-O-O c5 15. d5 e5 16. Rh5 exf4 17. gxf4 gxf4 18. exf4 {½-½ (64) Carlsen,M (2835)-Giri,A (2714) Wijk aan Zee 2012}) 13. dxc5 dxc5 14. Rd1 Nc6 {[#]} 15. Nde4 $146 ({Predecessor:} 15. g4 b6 16. a3 Bb7 17. Nde4 Rad8 18. O-O Ne5 19. Rxd8 Rxd8 20. Rd1 Ng6 21. Rxd8+ Qxd8 {0-1 (54) Nielsen,J (2526)-Maliangkay,R (2612) Denmark 1998}) 15... f5 16. Nd2 (16. Nd6 $11) 16... Bd7 17. g4 Rad8 18. a3 b6 19. Nf1 f4 20. exf4 Rxf4 21. Ng3 Nd4 22. Qc1 (22. Qb1 $15) 22... Bc6 23. f3 Rff8 24. Nh5 Be5 (24... Qc7 $17 25. O-O Be5) 25. Qb1 $1 $15 {[%cal Rb1g6]} Qf7 26. Ne4 (26. Rd2 $15) 26... Nxe2 (26... Ba4 $17 27. Rd2 a5) 27. Kxe2 Bxe4 28. Qxe4 Bxb2 29. a4 Rxd1 30. Rxd1 Bd4 31. Kf1 Re8 32. g3 Rf8 33. Kg2 Re8 34. f4 gxf4 35. gxf4 Kh8 $2 (35... Kf8 $11) 36. Kh3 $2 (36. Rxd4 $18 {Threatening mate with Rd7!} cxd4 37. Qe5+ Kg8 38. Nf6+ {[%mdl 64] Double Attack} Kf8 39. Nxe8 Qxe8 40. Qxd4) 36... e5 (36... Rd8 $11) 37. f5 $1 $16 Qxc4 {[#]} 38. f6 (38. Qc6 $1 $16 {[%mdl 512]} Qb3+ 39. Kh2 Qc2+ 40. Kh3 Qb3+ 41. Kg2 Qc2+ 42. Kh3 $1 {[%mdl 512]} Qb3+) 38... Qb3+ 39. Rd3 Qf7 {Strongly threatening ...c4.} 40. Kg2 $2 (40. Ng7 $11 {and White stays safe.} Rd8 41. Rf3) 40... Qh7 ({Black should try} 40... Rg8 $19 {White must now prevent ...Qxh5.} 41. Kh3 Qh7) 41. Qc6 $17 Qf7 ({Better is} 41... Rf8 $1 $17 42. Rg3 c4 $1 {[%mdl 512]}) 42. Ng7 $2 (42. Qe4 $1 $11 {and White is okay.}) 42... Rd8 $2 {[#]} (42... Rf8 $19 {Hoping for ...Qg6.} 43. Nf5 Qxf6 44. Qxf6+ Rxf6) 43. g5 $1 {[%mdl 512] [#]} hxg5 $2 {[%mdl 8192]} (43... Qg6 $1 $17 {[%cal Rg6d3] and life is bright.} 44. Rg3 Bb2) 44. Rh3+ $18 Kg8 {[#] ...g4 is the strong threat.} 45. Nf5 $4 {[%mdl 8192]} (45. Ne6 $1 $18 {[%mdl 512]} Qxf6 46. Rf3) 45... Qa2+ $19 46. Kf1 Qf7 $4 {[%mdl 8192]} (46... Qf2#) 47. Kg2 $2 (47. Ne7+ {mates} Qxe7 48. fxe7 Rf8+ 49. exf8=Q+ Kxf8 50. Qf6+ Ke8 51. Rh7 g4 52. Qh8#) 47... Re8 $2 {[%mdl 40960] Accuracy: White = 38%, Black = 34%. . Loss on time!?} (47... Qa2+ $11 48. Kg3 Qf2+ {[%mdl 64] Double Attack} 49. Kg4 Qf4+ 50. Kh5 Qxf5) 0-1

[Event "IV Jugando con las Estrellas 2019"]
[Site "Santa Cruz de la Palma"]
[Date "2019.08.15"]
[Round "8.8"]
[White "Del Rey, Diego"]
[Black "Hernandez Leon, Alberto"]
[Result "1/2-1/2"]
[WhiteElo "2374"]
[BlackElo "2289"]
[Annotator "TA"]
[PlyCount "54"]
[EventDate "2019.08.09"]
[EventType "swiss"]
[EventCountry "ESP"]
[SourceTitle "playchess.com"]
[Source "ChessBase"]
[SourceQuality "1"]

{[%evp 20,54,37,24,65,74,64,41,36,35,41,0,52,43,43,10,19,0,2,0,0,8,17,0,10,0,0,-29,-35,-125,-127,-177,-171,-201,-148,-141,-142]} 1. e4 c5 2. c3 Nf6 3. e5 Nd5 4. Nf3 e6 5. Bc4 Nb6 6. Bb3 d6 7. Qe2 Nc6 8. d4 cxd4 9. cxd4 Be7 10. O-O O-O 11. Nc3 {[%cal Bb1c3,Bc3e4,Be4g5][%mdl 32]} Nb4 {B22: Sicilian: 2 c3} (11... dxe5 12. dxe5 Nd4 13. Nxd4 Qxd4 14. Rd1 Qc5 15. Bf4 Bd7 16. Ne4 Qb4 17. Bg3 Bc6 18. Nd6 Bxd6 19. exd6 {1-0 (68) Kaidanov,G (2587)-Flores,D (2598) Mar del Plata 2012}) 12. a3 N4d5 13. Ne4 dxe5 {White is slightly better.} 14. dxe5 Bd7 15. Bc2 Qc7 $146 (15... Rc8 $11) ({Predecessor:} 15... a6 16. Nfg5 h6 17. Qh5 Qc7 18. Bb1 Qxe5 19. Qh3 {0-1 (30) Rechel,R (2127)-Rueger,E (2183) Wiesbaden 1999}) 16. Neg5 $14 g6 17. Bd3 Na4 18. Ne4 Nc5 19. Nxc5 Qxc5 20. Bh6 Rfd8 21. Rac1 Qb6 22. Ng5 Rac8 23. Qf3 Be8 24. b4 (24. Rxc8 $15 Rxc8 25. Rb1) 24... Qd4 $17 {[#] Strongly threatening ...Rxc1.} 25. Rxc8 Rxc8 {Black is clearly better.} 26. Qe4 Qb2 27. Bc4 {next Nxe6! is good for White.} Qxa3 {Accuracy: White = 29%, Black = 46%.} 1/2-1/2

[Event "IV Jugando con las Estrellas 2019"]
[Site "Santa Cruz de la Palma"]
[Date "2019.08.15"]
[Round "9.1"]
[White "Alonso Bouza, Julio Javier"]
[Black "Kolosowski, Mateusz"]
[Result "1/2-1/2"]
[WhiteElo "2393"]
[BlackElo "2458"]
[Annotator "TA"]
[PlyCount "41"]
[EventDate "2019.08.09"]
[EventType "swiss"]
[EventCountry "ESP"]
[SourceTitle "playchess.com"]
[Source "ChessBase"]
[SourceQuality "1"]

{[%evp 24,25,23,33]} 1. e4 c5 2. Nf3 e6 3. d4 cxd4 4. Nxd4 Nc6 5. Nb5 d6 6. c4 Nf6 7. N1c3 a6 8. Na3 Be7 9. Be2 b6 10. O-O Bb7 11. Be3 O-O 12. Qb3 Nd7 13. Rad1 {[#]} {Predecessor:} Nc5 $146 14. Qc2 Qc7 15. Qd2 Rfd8 16. Nc2 Rab8 17. f3 Ba8 18. Rc1 Bf6 19. Rfd1 Qe7 20. b3 h6 21. Bf1 {½-½ (71) Salgado Lopez,I (2662)-Shengelia,D (2573) Baku 2016} 1/2-1/2

[Event "IV Jugando con las Estrellas 2019"]
[Site "Santa Cruz de la Palma"]
[Date "2019.08.15"]
[Round "9.2"]
[White "Lemos, Damian"]
[Black "Minzer, Claudio Javier"]
[Result "1/2-1/2"]
[WhiteElo "2487"]
[BlackElo "2448"]
[Annotator "TA"]
[PlyCount "21"]
[EventDate "2019.08.09"]
[EventType "swiss"]
[EventCountry "ESP"]
[SourceTitle "playchess.com"]
[Source "ChessBase"]
[SourceQuality "1"]

{[%evp 18,21,9,8,50,31]} 1. Nf3 Nf6 2. d4 d5 3. e3 g6 4. c4 Bg7 5. cxd5 Nxd5 6. Nc3 O-O 7. Bc4 Nxc3 8. bxc3 c5 9. O-O Qc7 10. Qe2 Nd7 {D94: Grünfeld: 4 Nf3 Bg7 5 e3} (10... b6 11. Ba3 Bb7 12. Rab1 Nd7 13. Rfc1 e5 14. Bb5 Be4 15. Rb3 Bd5 16. Bc4 Bxc4 17. Qxc4 Rac8 18. h3 Rfe8 {0-1 (42) Sjugirov,S (2646)-Kamsky,G (2740) Moscow 2013}) 11. h3 $146 ({Predecessor:} 11. e4 b6 12. e5 e6 13. Bg5 Bb7 14. Nd2 f6 15. Bxe6+ Kh8 16. Bxd7 Qxd7 17. exf6 Bxf6 18. Bxf6+ Rxf6 {½-½ (46) Vaisser,A (2503)-Jansa,V (2425) Acqui Terme 2017}) 1/2-1/2

[Event "IV Jugando con las Estrellas 2019"]
[Site "Santa Cruz de la Palma"]
[Date "2019.08.15"]
[Round "9.3"]
[White "Ambartsumova, Karina"]
[Black "Pile, Richard"]
[Result "0-1"]
[WhiteElo "2359"]
[BlackElo "2416"]
[Annotator "TA"]
[PlyCount "86"]
[EventDate "2019.08.09"]
[EventType "swiss"]
[EventCountry "ESP"]
[SourceTitle "playchess.com"]
[Source "ChessBase"]
[SourceQuality "1"]

{[%evp 14,86,33,32,39,39,42,41,39,39,34,29,29,26,27,28,14,8,9,19,32,2,22,10,22,0,0,-10,-9,-36,-27,-84,-89,-121,-108,-111,-104,-287,-280,-278,-231,-208,-205,-166,-132,-330,-335,-342,-282,-332,-318,-313,-338,-448,-471,-456,-446,-452,-434,-2016,-3291,-2768,-2806,-2352,-2110,-1933,-1681,-29981,-29982,-29982,-29983,-29979,-1628,-29980,-29981]} 1. e4 c5 2. Nf3 Nc6 3. d4 cxd4 4. Nxd4 d5 5. Bb5 dxe4 6. Nxc6 Qxd1+ 7. Kxd1 a6 8. Ba4 {aiming for Ne5+.} Bd7 {[%mdl 64] Pin. B32: Sicilian: Löwenthal and Kalashnikov Variations} 9. Nc3 {And now Na5 would win.} Bxc6 10. Bxc6+ bxc6 {White is slightly better.} 11. Nxe4 f5 12. Ng5 (12. Nd2 e5 13. Nc4 e4 14. Ke2 Nf6 15. Rd1 Rd8 16. Rxd8+ Kxd8 {½-½ (55) Smeets,J (2598)-Reinderman,D (2568) Amstelveen 2016}) 12... e5 13. Ne6 Kf7 14. Nxf8 Rxf8 15. Ke2 Nf6 16. Rd1 Ke6 $146 17. b3 c5 18. Bd2 f4 19. f3 g5 20. c4 Rhg8 21. h3 h5 22. Be1 (22. Rh1 $11 {keeps the balance.}) 22... g4 $1 $17 23. Bf2 gxh3 24. gxh3 e4 $1 25. Bxc5 $2 (25. fxe4 $17 Nxe4 26. Rd3) 25... Rg2+ $1 $19 26. Kf1 Rfg8 27. Rd6+ Ke5 {( -> ...e3)} 28. fxe4 {[#]} (28. Rxa6 {gets mated.} e3 29. Ke1 Rf2 30. Bd6+ Kf5 31. Ra5+ Ke6 $1 {[%mdl 512]} 32. Re5+ Kxd6 33. Rg5 Rxg5 34. Rd1+ Kc7 $1 {[%mdl 512]} 35. Rd7+ Nxd7 36. h4 Rg1#) 28... Rh2 $1 {[%cal Rh2h1] Hoping for ...Rh1+.} 29. Rad1 $2 (29. Re1 $17) 29... Rh1+ 30. Ke2 {[#]} Rg2+ $1 ({Less strong is} 30... Rh2+ 31. Kf1 $17) 31. Kf3 Rg3+ {[%mdl 64] Double Attack} 32. Ke2 Rhxh3 {Strongly threatening ...Rg2+.} 33. Rxa6 {Black must now prevent Bd4+.} Rh2+ 34. Bf2 Re3+ 35. Kf1 {Threatens to win with Bg1.} Rh1+ 36. Kg2 (36. Bg1 $142 f3 37. Ra5+ Kxe4 38. Ra8) 36... Rxd1 37. Bxe3 fxe3 {[%mdl 4096] Endgame KRN-KR} 38. Kf3 Ng4 39. Ra5+ Ke6 40. Rxh5 Rf1+ 41. Ke2 Rf2+ 42. Kd3 Rd2+ 43. Kc3 Rd1 {Accuracy: White = 32%, Black = 82%.} 0-1

[Event "IV Jugando con las Estrellas 2019"]
[Site "Santa Cruz de la Palma"]
[Date "2019.08.15"]
[Round "9.4"]
[White "Gutierrez Olivares, Daniel"]
[Black "Pakleza, Zbigniew"]
[Result "1/2-1/2"]
[WhiteElo "2320"]
[BlackElo "2499"]
[Annotator "TA"]
[PlyCount "56"]
[EventDate "2019.08.09"]
[EventType "swiss"]
[EventCountry "ESP"]
[SourceTitle "playchess.com"]
[Source "ChessBase"]
[SourceQuality "1"]

{[%evp 11,56,4,20,-12,-12,-14,-13,-6,-2,-7,-4,-9,-9,0,10,0,8,-30,-16,-18,0,2,2,-8,10,11,18,0,0,0,0,0,0,0,0,0,0,0,14,10,9,0,0,0,4,0,0]} 1. c4 c6 2. e3 d5 3. Nc3 Nf6 4. Nf3 Bg4 5. d4 e6 6. Be2 Nbd7 7. b3 {D11: Slav Defence: 3 Nf3 sidelines and 3...Nf6 4 e3 Bg4} (7. O-O Be7 8. b3 O-O 9. Bb2 a6 10. h3 Bh5 11. Rc1 Bd6 12. Re1 Re8 13. Nd2 Bg6 14. Bf3 Qe7 15. e4 dxe4 16. Ncxe4 Nxe4 17. Bxe4 Rad8 18. Qc2 Nf6 19. Bxg6 hxg6 20. Nf3 Ba3 21. Rcd1 Bxb2 22. Qxb2 a5 23. Rd2 Qc7 {½-½ (23) Polaczek,R (2429)-Milov,L (2471) Belgium 2015}) 7... Bb4 8. Bd2 Qe7 9. O-O O-O 10. h3 Bh5 11. Ne1 $146 ({Predecessor:} 11. Qe1 a5 12. c5 Ne4 13. a3 Bxc3 14. Bxc3 Nxc3 15. Qxc3 {½-½ (46) Penalver,O (2270)-Krantz,C (2248) Sweden 2011}) 11... Bg6 12. Nd3 Bd6 13. f4 Ne4 14. Ne5 Nxc3 15. Bxc3 {The position is equal.} Be4 16. Nxd7 Qxd7 17. Bd3 f5 18. Bxe4 fxe4 19. Qd2 Qe7 20. a3 g5 21. fxg5 Qxg5 {[#] Threatens to win with ...Qg3!} 22. Bb4 Rxf1+ 23. Rxf1 Bg3 24. Qe2 h5 25. Be1 {And now Bxg3 would win.} Bd6 26. Bb4 Bg3 27. Be1 {Black must now prevent Bxg3.} Bd6 28. Bb4 Bg3 {Accuracy: White = 64%, Black = 57%.} 1/2-1/2

[Event "IV Jugando con las Estrellas 2019"]
[Site "Santa Cruz de la Palma"]
[Date "2019.08.15"]
[Round "9.5"]
[White "Hernandez Leon, Alberto"]
[Black "Kurajica, Bojan"]
[Result "0-1"]
[WhiteElo "2289"]
[BlackElo "2494"]
[Annotator "TA"]
[PlyCount "122"]
[EventDate "2019.08.09"]
[EventType "swiss"]
[EventCountry "ESP"]
[SourceTitle "playchess.com"]
[Source "ChessBase"]
[SourceQuality "1"]

{[%evp 9,122,38,46,38,35,32,29,29,29,18,29,29,29,29,31,31,31,31,30,30,51,50,58,48,53,31,35,31,35,28,41,0,33,29,37,36,30,29,34,0,0,0,0,0,0,0,0,0,0,0,0,2,16,10,12,12,12,12,18,11,16,17,25,25,25,25,35,36,36,35,33,32,28,36,34,0,40,40,36,0,0,-23,-23,-28,-28,-202,-16,-223,-16,-247,-8,-8,-8,-8,-8,-8,-8,-74,-74,-74,-74,-6311,-6052,-5560,-5564,-5564,-5425,-5220,-4604,-2356,-2358,-29985,-29967,-29984,-29985]} 1. e4 c5 2. Nf3 Nc6 3. Bb5 Qb6 4. Nc3 e6 5. Bxc6 bxc6 6. e5 {B30: Sicilian: 2...Nc6 3 Bb5, lines without ...g6} (6. O-O Ne7 7. b3 {½-½ (7) Libiszewski,F (2520)-Kurajica,B (2517) Las Palmas 2016}) 6... f6 7. O-O fxe5 8. Nxe5 {White has an edge.} Nf6 9. d3 Be7 10. b3 Qc7 $146 ({Predecessor:} 10... O-O 11. Bb2 d6 12. Nc4 Qc7 13. f4 {½-½ (29) Kulish,I (2225)-Uskova,F (2260) Jakarta 1993}) 11. Qe2 O-O 12. f4 d6 13. Nc4 Bd7 14. g3 Rf7 15. Bb2 h6 16. Rae1 Raf8 17. a4 Nh7 18. Nd1 Qc8 19. Nde3 Nf6 20. Nd1 {[%cal Be3d1,Bd1f2,Bf2e4][%mdl 32]} Nd5 21. Nf2 Qd8 22. Ne4 Bc8 23. Ne3 Kh7 24. Ng4 e5 {[%cal Re5f4]} 25. c4 exf4 26. cxd5 cxd5 27. Rxf4 $1 dxe4 28. Qxe4+ Bf5 29. Rxf5 Rxf5 30. Qxe7 {[%csl Gb2][%cal Re7g7][%mdl 64] Double Attack} Rf1+ 31. Kg2 {[%csl Gb2][%cal Re7g7]} Qxe7 $1 32. Rxe7 R1f7 33. Re2 Rb8 34. Nf2 Rxb3 35. Bc1 d5 36. Rc2 Rc7 $1 37. Bf4 Rc6 38. Be3 c4 39. Bxa7 Ra6 40. Bd4 Rxa4 41. dxc4 dxc4 42. Ne4 {aiming for Nc5.} Rba3 (42... c3 $5 43. Nc5 {[%mdl 64] Double Attack} Rb2 44. Rxb2 (44. Nxa4 Rxc2+ 45. Kf3 Rd2 $11) 44... cxb2 45. Bxb2 Rc4 $11) 43. Nc3 Ra8 44. Re2 {Black should prevent Re7.} Rd8 $1 45. Re4 {[#]} Rxd4 $1 {[%mdl 576] Remove Defender} 46. Rxd4 Rxc3 $11 {[%mdl 4096] Endgame KR-KR} 47. h4 $2 (47. Kf2 $11 {and White is okay.}) 47... Kg6 $2 (47... Rc1 $1 $19 {Threatens to win with ...c3.} 48. Kf3 c3) 48. Rf4 $2 (48. Rg4+ $11 {and White has nothing to worry.} Kf7 49. h5) 48... Kh5 $2 ({Better is} 48... Rc1 $1 $19 {Hoping for ...c3.} 49. Rg4+ Kf6 50. Rf4+ Ke6) 49. Rd4 $2 {[#]} (49. Kh3 $1 $11) 49... g5 $2 (49... Rc1 $1 $19 50. Rd7 Kg6 51. Rd6+ Kf5) 50. hxg5 hxg5 51. Kh3 $1 Rc1 52. g4+ Kg6 {Strongly threatening ...Kf7.} 53. Rd6+ (53. Kg2 $11) 53... Kf7 $17 {White must now prevent ...Ke7.} 54. Rc6 c3 {And now ...Ke7 would win.} 55. Kh2 $2 {[%mdl 8192] [#]} (55. Kg2 $17) 55... Ke7 $1 $19 56. Rc5 Kd6 57. Rc8 Kd5 58. Kg2 Ke4 59. Re8+ Kf4 60. Kh3 Rh1+ 61. Kg2 {[#]} c2 $1 {[%mdl 512] Accuracy: White = 45%, Black = 59%.} 0-1

[Event "IV Jugando con las Estrellas 2019"]
[Site "Santa Cruz de la Palma"]
[Date "2019.08.15"]
[Round "9.6"]
[White "Barbot, Pierre"]
[Black "Medina Martin, Alberto"]
[Result "1-0"]
[WhiteElo "2441"]
[BlackElo "2075"]
[Annotator "TA"]
[PlyCount "51"]
[EventDate "2019.08.09"]
[EventType "swiss"]
[EventCountry "ESP"]
[SourceTitle "playchess.com"]
[Source "ChessBase"]
[SourceQuality "1"]

{[%evp 9,51,41,45,46,35,23,116,39,68,63,89,-7,18,0,34,21,39,23,102,95,82,107,172,177,159,182,210,108,108,107,93,100,104,112,261,267,531,544,600,597,553,614,976,951]} 1. d4 Nf6 2. Nf3 c5 3. d5 e6 4. c4 b5 5. Bg5 b4 6. e4 {E10: Blumenfeld Gambit} d6 7. a3 a5 (7... Be7 $11 {remains equal.}) 8. Bd3 (8. axb4 $16 cxb4 9. c5 exd5 10. Bxf6 (10. exd5 dxc5 11. Bb5+ Bd7 $14) 10... Qxf6 11. Qxd5) 8... Be7 9. axb4 cxb4 {[#]} 10. Bd2 $146 (10. c5 $1 $16) ({Predecessor:} 10. c5 exd5 11. cxd6 Qxd6 12. e5 Qe6 13. O-O Nfd7 {1-0 (29) Sunilduth Lyna,N (2573)-Lorparizangeneh,S (2491) Manavgat 2018}) 10... Bb7 11. Nd4 $36 {[%mdl 2048] White is more active.} exd5 12. cxd5 O-O 13. O-O Re8 (13... Nfd7 $11) 14. Bb5 Nfd7 15. Be3 Bg5 (15... Bf6 $16) 16. Bxg5 $18 Qxg5 {[#]} 17. Nd2 $1 Rd8 18. Nc6 (18. Nc4 $18) 18... Bxc6 $16 19. f4 Qe7 20. dxc6 Nc5 21. Nc4 {Nb6 is the strong threat.} Qc7 (21... Ne6 $16 {keeps fighting.}) 22. Qd5 $18 {aiming for e5.} Nxe4 $2 (22... Ne6 23. Kh1 Qe7) 23. Qxe4 {White is clearly winning.} d5 24. Qe5 Qa7+ 25. Ne3 Na6 26. Rxa5 {Accuracy: White = 58%, Black = 25%.} 1-0